The elephant catchers : (Record no. 80287)

MARC details
000 -LEADER
fixed length control field 00547nam a22001817a 4500
005 - DATE AND TIME OF LATEST TRANSACTION
control field 20140219112227.0
010 ## - LCCN (DPL NO)
LC control number ENG-108612
020 ## - INTERNATIONAL STANDARD BOOK NUMBER
International Standard Book Number 9789350095836
Terms of availability 499.00
035 ## - SYSTEM CONTROL NUMBER
System control number EN-92145
037 ## - SOURCE OF ACQUISITION
Source of stock number/acquisition DBAD/PUB
100 ## - MAIN ENTRY--PERSONAL NAME
Personal name Bagchi, Subroto
245 ## - TITLE STATEMENT
Title The elephant catchers :
Statement of responsibility, etc by Subroto Bagchi
Remainder of title key lessons for breakthrough growth /
260 ## - PUBLICATION, DISTRIBUTION, ETC. (IMPRINT)
Place of publication, distribution, etc Gurgaon
Name of publisher, distributor, etc Hachette Book Publishing
Date of publication, distribution, etc 2013
270 ## - ADDRESS
Address 4th/5th Floors, Corporate Centre, Sector 44
City Gurgaon
Postal code 122003
300 ## - PHYSICAL DESCRIPTION
Extent xii,232p.
Dimensions 22cm(Hb)
600 ## - SUBJECT ADDED ENTRY--PERSONAL NAME
Dates associated with a name
942 ## - ADDED ENTRY ELEMENTS (KOHA)
Source of classification or shelving scheme Dewey Decimal Classification
Item type English Books
Call number suffix BAG
Holdings
Withdrawn status Lost status Not for loan Collection code Home library Current library Date acquired Source of acquisition Cost, normal purchase price Full call number Barcode Copy number Cost, replacement price Koha item type
    Not For Loan Non-fiction D.B.Act.Division Bawana 24/10/2013 DBAD/PUB 499.00 SUB EN-92145 1 499.00 English Books

© Delhi Public Library
Hit Counter
free hit counter